1806 1181 1111 1487 1317 1156 1265 1310 1872 1334 1292 1849 1570 1008 1245 1425 1799 1888 1313 1769 1120 1552 1455 1601 1335 1739 1973 1477 1855 1834 1990 1151 1866 1698 1414 1811 1391 1921 1225 1171 1457 1187 1498 1973 1150 1453 1065 1928 1643 1110 1091 1591 1283 1328 1033 1068 1411 1920 1921 1261 1699 1211 1318 1696 1765 1017 1727 1339 1120 1519 1168 1644 1843 1488 1456 1834 1464 1920 1183 1743 1421 1804 1369 1158 1811 1644 1263 1558 1852 1869 1796 1463 1748 1041 1999 1879 1543 1567 1827 BCNSPRNW ULIB Ver.6.0+V

เปลี่ยนเป็นภาษาไทย

Change to English
 แสดงรายละเอียดบรรณานุกรม
  กลับหน้าหลัก

Brief Record : Get Marc (ISO 2709) : E-mail record : QR code < ปิดหน้าต่าง
LEADER : 00000nam 2200000uu 4500
001    13399114429
003     ULIB
008    110627s||||||||th 000 0 tha d
020    9747053918
098    นว.^bม162ต
100 0  มนันยา
245 00 ตายแล้วยังหัวเราะ/^cมนันยา
250    พิมพ์ครั้งที่ 2
260    กรุงเทพฯ :^bสามสี,^c2540
300    252 หน้า
710 1  สามสี
945    ^p90^l0^i031539
995    ทศพร
999 ^a ใช้งานได้ทุกระบบ
รายการนี้ยังไม่มีแท็ก
คุณยังไม่ได้ล็อกอิน คุณสามารถมีกิจกรรมร่วมกับเว็บไซต์ได้ แต่ต้องล็อกอินก่อน ::
  ล็อกอิน

รายการสื่อสารสนเทศ

ลำดับที่ ประเภท เลขเรียก/บาร์โค้ด สถานที่ สถานะ
1. นวนิยาย
นวนิยาย
 ฉ.1 
  Barcode: 031539
ห้องสมุดวิทยาเขตสวรรค์ประชารักษ์
►นวนิยาย
บนชั้น
  ขอยืม

รายการใกล้เคียง
    ผู้แต่ง [มนันยา]

BibComment


ยังไม่เคยถูกคอมเมนท์

คอมเมนท์ทรัพยากรรายการนี้
  คอมเมนท์: ตายแล้วยังหัวเราะ..


 Copyright 2026. Bcnsprnw @Library